000 00289nam a22001337a 4500
008 170522b xxu||||| |||| 00| 0 eng d
020 _a9780155018570
041 _aeng
080 _a94
100 _a16
101 _aSHH
245 _aA HISTORY OF NEWS
_cMITCHELL.S
942 _2udc
_cBK
999 _c13745
_d13745